| 000 | 00734nam a22002177a 4500 | ||
|---|---|---|---|
| 999 |
_c6065 _d6065 |
||
| 003 | AR-CdUCM | ||
| 008 | 190313b ||||| |||| 00| 0 spa d | ||
| 040 |
_aMUNICIPALIDAD PROVINCIAL DEL CUSCO _cBIBLIOTECA MUNICIPAL DEL CUSCO |
||
| 082 |
_a869.62 / _bG69 |
||
| 100 |
_aGonzalez Suarez, Federico _917671 |
||
| 245 | _aMemorias Intimas / | ||
| 260 |
_aEcuador : _bPublicaciones Educativas Ariel ; |
||
| 300 |
_a167 páginas ; _c18cm |
||
| 440 |
_aColección Clásicos Ariel, Biblioteca de Autores Ecuatorianos _n18 _917672 |
||
| 500 | _aDonación de la familia Nieto | ||
| 505 | _aContenido: Novela | ||
| 650 |
_aLiteratura latinoamericana _96194 |
||
| 650 |
_aNovela ecuatoriana _917323 |
||
| 942 |
_2ddc _cLIBROS |
||
| 945 | _anom | ||